000
00303 a2200157 4500
001
179866
020
_a
040
_c
Magnum
100
_a
-
240
1
0
_a
Salustio obras
_l
por
245
1
0
_a
Salustio obras
362
0
_a
1899
440
1
_a
Cultura
697
_a
MAGNITO: A/ANTOLOGIA
942
_c
BK
999
_c
179866
_d
179866